[Event "St Petersburg-ch"]
[Site "St Petersburg"]
[Date "1998.04.14"]
[Round "7"]
[White "Ionov, Sergey"]
[Black "Solozhenkin, Evgeniy"]
[Result "0-1"]
[WhiteElo "2530"]
[BlackElo "2500"]

1.d4 Nf6 2.c4 e6 3.Nf3 b6 4.g3 Ba6 5.b3 Bb4+ 6.Bd2 Be7 7.Nc3 O-O 8.e4 d5
9.cxd5 Bxf1 10.Kxf1 exd5 11.e5 Ne4 12.Kg2 Qd7 13.Qe2 Nxc3 14.Bxc3 Nc6 15.h4 Nd8
16.Ng5 f6 17.exf6 Bxf6 18.Qd3 Bxg5 19.hxg5 g6 20.Rae1 Nf7 21.Bd2 Rae8 22.Bf4 c6
23.Qc2 Rxe1 24.Rxe1 Re8 25.Rxe8+ Qxe8 26.a4 Kf8 27.f3 Qe6 28.g4 Ke8 29.Kf2 Kd8
30.Qd3 Qe7 31.Qd2 Kd7 32.Kg3 Kc8 33.Kf2 Kb7 34.Qc1 c5 35.Qd2 cxd4 36.Qxd4 Qc5
37.Ke3 Kc6 38.Kd3 Qxd4+ 39.Kxd4 a6 40.Bd2 Kd6 41.Bf4+ Ke6 42.Be3 Ne5 43.Kc3 b5
44.axb5 axb5 45.f4 Nxg4 46.Bc1 Nf2 47.Kd4 Ne4 48.Bb2 Nd2 49.Kc3 Nf3 50.Kd3 Kd6
51.Ba3+ Kc6 52.Bb4 Nh4 53.Kd4 Nf5+ 54.Ke5 Ne3 55.Bc3 Nc2 56.b4 Ne3 57.Bd4 Ng4+
58.Ke6 Nh2 59.Kf6 Nf3 60.Bb2 d4 61.Kg7 Kd5 62.Kxh7 Nh4 63.Kg7 d3 64.Bc1 Ke6  0-1

[Event "Budapest FS04 GM"]
[Site "Budapest"]
[Date "1998.04.15"]
[Round "12"]
[White "Csom, Istvan"]
[Black "Bunzmann, Dimitrij"]
[Result "1/2-1/2"]
[WhiteElo "2460"]
[BlackElo "2390"]

1.d4 Nf6 2.Nf3 e6 3.c4 b6 4.g3 Ba6 5.b3 Bb4+ 6.Bd2 Be7 7.Bg2 c6 8.Bc3 d5
9.Nbd2 Nbd7 10.O-O O-O 11.Rc1 Rc8 12.Bb2 Bb7 13.Re1 c5 14.cxd5 exd5 15.e3 Re8  1/2-1/2

[Event "St Petersburg-ch"]
[Site "St Petersburg"]
[Date "1998.04.15"]
[Round "8"]
[White "Popov, Valerij"]
[Black "Loginov, Valery A"]
[Result "1/2-1/2"]
[WhiteElo "2505"]
[BlackElo "2500"]

1.Nf3 Nf6 2.c4 e6 3.d4 b6 4.g3 Ba6 5.b3 Bb4+ 6.Bd2 Be7 7.Bg2 d5 8.cxd5 exd5
9.Nc3 O-O 10.O-O Bb7 11.Bf4 Na6 12.Qc2 h6 13.Rad1 Qd7 14.Rfe1 Rfd8 15.Bc1  1/2-1/2

[Event "GRE-chT"]
[Site "Poros"]
[Date "1998.04.24"]
[Round "7"]
[White "Halkias, Stelios"]
[Black "Nikolaidis, Ioannis"]
[Result "1/2-1/2"]
[WhiteElo "2425"]
[BlackElo "2490"]

1.d4 Nf6 2.c4 e6 3.Nf3 b6 4.g3 Ba6 5.Qb3 c6 6.Bg5 Be7 7.Nc3 d5 8.cxd5 cxd5
9.Bxf6 Bxf6 10.Rc1 Bb7 11.Bg2 O-O 12.O-O Nc6 13.Qd1 Be7 14.a3 Na5 15.Ne5 Rc8
16.Qd3 f6 17.Nf3 Nc4 18.Qb1 f5 19.e3 a6 20.Rfd1 b5 21.h4 Qb6 22.Ne2 Rc7 23.Nf4 Rfc8
24.Bh3 Rf8 25.h5 Bc8 26.Qc2 Bd6 27.Qe2 Bd7 28.Rc2 a5 29.Rdc1 b4 30.axb4 axb4
31.Ng5 Bxf4 32.exf4 h6 33.Nf3 Ba4 34.Rxc4 dxc4 35.Ne5 c3 36.bxc3 bxc3 37.d5 exd5
38.Ng6 Re8 39.Qd3 d4 40.Bxf5 Bb5 41.Qb1 Rc5 42.Qb3+  1/2-1/2

[Event "Serbian-ch 29th"]
[Site "Sabac"]
[Date "1998.04.28"]
[Round "9"]
[White "Tosic, Miroslav"]
[Black "Zontakh, Andrey"]
[Result "1/2-1/2"]
[WhiteElo "2505"]
[BlackElo "2545"]

1.d4 Nf6 2.c4 e6 3.Nf3 b6 4.g3 Ba6 5.b3 Bb4+ 6.Bd2 Be7 7.Bg2 c6 8.Bc3 d5
9.Ne5 Nfd7 10.Nxd7 Nxd7 11.Nd2 O-O 12.O-O Rc8 13.Re1 c5 14.cxd5 exd5 15.Rc1 Nf6
16.dxc5 Bxc5 17.b4  1/2-1/2

[Event "Zepter op"]
[Site "Minsk"]
[Date "1998.04.29"]
[Round "5"]
[White "Fominyh, Alexander"]
[Black "Nikolenko, Oleg"]
[Result "1/2-1/2"]
[WhiteElo "2530"]
[BlackElo "2495"]

1.d4 Nf6 2.Nf3 e6 3.c4 b6 4.g3 Ba6 5.Qb3 Nc6 6.Bd2 Na5 7.Bxa5 bxa5 8.Nbd2 Rb8
9.Qc2 c5 10.e3 Qb6 11.b3 Bb7 12.Bg2 cxd4 13.exd4 Bxf3 14.Nxf3 Bb4+ 15.Ke2 O-O
16.Rhd1 a4 17.Kf1 axb3 18.axb3 d6 19.Ng5 e5 20.Ne4 Nxe4 21.Bxe4 g6 22.c5 Qb5+
23.Bd3 Qc6 24.cxd6 Qxc2 25.Bxc2 exd4 26.Ra6 Bc5 27.Rc6 Rfc8 28.Rxc8+ Rxc8
29.d7 Rd8 30.b4 Bxb4 31.Rxd4 Bc5 32.Rd5 Be7 33.Ba4 Rb8 34.Rd3 Kg7 35.Kg2 Rb4  1/2-1/2

[Event "Budapest FS05 IM"]
[Site "Budapest"]
[Date "1998.05.10"]
[Round "9"]
[White "Goczo, Melinda"]
[Black "Hera, Imre Jr"]
[Result "1/2-1/2"]
[WhiteElo "2170"]
[BlackElo "2245"]

1.d4 Nf6 2.Nf3 e6 3.c4 b6 4.g3 Ba6 5.b3 d5 6.Bg2 dxc4 7.Ne5 Bb4+ 8.Kf1 Bd6
9.Nxc4 Nd5 10.Bb2 Nc6 11.e4 Nde7 12.Kg1 Bxc4 13.bxc4 Be5 14.Nd2 Nxd4 15.h3 O-O
16.Rb1 Ndc6 17.Kh2 Bxb2 18.Rxb2 Qd4 19.Qc1 Qxf2 20.Nf3 Qc5 21.Rb5 Qf2 22.Rb2 Qc5
23.Rb5 Qf2 24.Rb2  1/2-1/2

[Event "Dov Porath mem"]
[Site "Givatayim"]
[Date "1998.05.11"]
[Round "1"]
[White "Blodstein, Boris"]
[Black "Tsesarsky, Ilya"]
[Result "0-1"]
[WhiteElo "2210"]
[BlackElo "2425"]

1.d4 Nf6 2.c4 e6 3.Nf3 b6 4.g3 Ba6 5.b3 Bb4+ 6.Bd2 Be7 7.Bg2 Bb7 8.O-O c5
9.Bc3 O-O 10.Nbd2 Qc7 11.Rc1 cxd4 12.Nxd4 Bxg2 13.Kxg2 Qb7+ 14.Kg1 a6 15.Qc2 Rc8
16.Qd3 d6 17.Qf3 Qxf3 18.N4xf3 Nbd7 19.Rfd1 b5 20.Bb2 bxc4 21.Nxc4 d5 22.Nce5 Nxe5
23.Nxe5 Ne4 24.Nc6 Bf8 25.e3 Rc7 26.Be5 Rb7 27.f3 Nc5 28.Bd4 Nd7 29.Ne5 Nxe5
30.Bxe5 f6 31.Bd4 Ba3 32.Rc6 Kf7 33.Bc5 Bxc5 34.Rxc5 a5 35.Rdc1 Raa7 36.Rb1 Ke7
37.f4 Kd6 38.Rc3 Rc7 39.Rbc1 Rxc3 40.Rxc3 a4 41.b4 e5 42.a3 d4 43.Rc5 dxe3
44.Kf1 exf4 45.gxf4 Re7 46.Ke2 Re4 47.Rc3 Rxf4 48.Rxe3 Rh4 49.h3 Rc4 50.Rd3+ Kc6
51.Re3 g6 52.Re6+ Kd5 53.Rxf6 Rc2+ 54.Kf3 Rc3+ 55.Kg4 Rxa3 56.Rf7 h5+ 57.Kh4 Re3
58.b5 Kc5 59.b6 Kxb6 60.Rf6+ Kb5 61.Rxg6 a3 62.Rg8 Re5 63.Rb8+ Ka4 64.Ra8+ Ra5
65.Rf8 a2 66.Rf4+ Kb3 67.Rf3+ Kc4 68.Rf4+ Kd3 69.Rf3+ Ke4 70.Rf4+ Ke5  0-1

[Event "Brazilian City Cup 2nd"]
[Site "Brasilia"]
[Date "1998.05.23"]
[Round "2"]
[White "Valle, Adriano"]
[Black "Trindade, Sandro Heleno"]
[Result "1/2-1/2"]
[WhiteElo "2210"]
[BlackElo "2365"]

1.Nf3 Nf6 2.d4 e6 3.c4 b6 4.g3 Ba6 5.b3 Bb4+ 6.Bd2 Be7 7.Bg2 O-O 8.O-O c6
9.Bc3 d5 10.Ne5 Nfd7 11.Nxd7 Nxd7 12.Nd2 Rc8 13.e4 dxc4 14.bxc4 b5 15.Re1 bxc4
16.Qa4 Bb5 17.Qc2 e5 18.a4 Ba6 19.Bf1 Bf6 20.dxe5 Nxe5 21.Bxe5 Bxe5 22.Rad1  1/2-1/2

[Event "Givataim 30'"]
[Site "Givataim"]
[Date "1998.05.29"]
[Round "3"]
[White "Huzman, Alexander"]
[Black "Tsesarsky, Ilya"]
[Result "1/2-1/2"]
[WhiteElo "2610"]
[BlackElo "2425"]

1.d4 Nf6 2.Nf3 e6 3.c4 b6 4.g3 Ba6 5.b3 Bb4+ 6.Bd2 Be7 7.Bg2 Bb7 8.O-O c5
9.d5 exd5 10.Nh4 Bc6 11.Nf5 O-O 12.Nc3 dxc4 13.e4 cxb3 14.e5 Bxg2 15.exf6 Bxf6
16.Kxg2 bxa2 17.Nd5 Bxa1 18.Qxa1 f6 19.Qxa2 Rf7 20.Re1 Nc6 21.Bf4 Ne5 22.Bxe5 fxe5
23.Nd6 Qf8 24.Nxf7 Qxf7 25.Rxe5 Kh8 26.Re7 Qf5 27.Nxb6 Rf8 28.Nxd7 Qf3+ 29.Kg1 Qd1+  1/2-1/2

[Event "Givataim 30'"]
[Site "Givataim"]
[Date "1998.05.30"]
[Round "5"]
[White "Avrukh, Boris"]
[Black "Tsesarsky, Ilya"]
[Result "0-1"]
[WhiteElo "2525"]
[BlackElo "2425"]

1.d4 Nf6 2.c4 e6 3.Nf3 b6 4.g3 Ba6 5.b3 Bb4+ 6.Bd2 Be7 7.Nc3 Bb7 8.Qc2 c5
9.dxc5 bxc5 10.Bg2 d6 11.O-O O-O 12.Bf4 Qb6 13.Rfd1 Rd8 14.Rd2 Nc6 15.Rad1 Nb4
16.Qb1 h6 17.a3 Na6 18.Rb2 Rd7 19.Ne1 Bxg2 20.Nxg2 Rad8 21.h3 Rb7 22.Ne3 g5
23.Nf5 exf5 24.Be3 Qc6 25.Qxf5 Rdb8 26.Rbd2 Qc8 27.Qf3 Qe6 28.Nb5 Rxb5 29.cxb5 Rxb5
30.b4 Ne4 31.Rc2 cxb4 32.axb4 Nxb4 33.Rc7 a5 34.Bd4 Bf6 35.e3 Rf5 36.Qh5 Bxd4
37.Rxd4 Nxf2 38.e4 Rf6  0-1

[Event "Garcia mem Premier"]
[Site "Santa Clara"]
[Date "1998.06.08"]
[Round "13"]
[White "Garcia Ilundain, David"]
[Black "Borges Mateos, Juan"]
[Result "1/2-1/2"]
[WhiteElo "2495"]
[BlackElo "2480"]

1.d4 e6 2.c4 Nf6 3.Nf3 b6 4.g3 Ba6 5.Nbd2 c5 6.Bg2 Bb7 7.e4 cxd4 8.O-O Qc7
9.Nxd4 a6 10.Qe2 d6 11.a4 Nc6 12.Nxc6 Bxc6 13.Nb3 Be7 14.a5 e5 15.axb6 Qxb6
16.Na5 Bd7 17.Be3 Qc7 18.h3  1/2-1/2

[Event "Stockholm"]
[Site "Stockholm"]
[Date "1998.06.11"]
[Round "6"]
[White "Hjelm, Niclas"]
[Black "Sjoberg, Mats"]
[Result "1-0"]
[WhiteElo "2315"]
[BlackElo "2410"]

1.d4 Nf6 2.c4 e6 3.Nf3 b6 4.g3 Ba6 5.Qa4 Bb7 6.Bg2 c5 7.dxc5 Bxc5 8.O-O O-O
9.Nc3 Be7 10.Bf4 Na6 11.Rad1 Rc8 12.Nb5 Nc5 13.Qc2 Be4 14.Qc1 a6 15.Nd6 Bxd6
16.Bxd6 Re8 17.b3 Nb7 18.Be5 d5 19.Qa3 Nd7 20.cxd5 Bxd5 21.Qxa6 Ra8 22.Qb5 Ra5
23.Qb4 Qe7 24.Bc3 Qxb4 25.Bxb4 Rxa2 26.e4 Bc6 27.Nd4 Nb8 28.Rc1 Bd7 29.Rfd1 Na6
30.Be1 e5 31.Nf5 Bb5 32.Rd5 Nac5 33.b4 Nd3 34.Rd1 Nxe1 35.Rxb5 Nxg2 36.Rxb6 g6
37.Nh6+ Kg7 38.Kxg2 Nd8 39.Ng4 h5 40.Ne3 Rb2 41.Rb8  1-0

[Event "Budapest FS06 GM"]
[Site "Budapest"]
[Date "1998.06.15"]
[Round "10"]
[White "Bunzmann, Dimitrij"]
[Black "Roeder, Mathias"]
[Result "1-0"]
[WhiteElo "2390"]
[BlackElo "2435"]

1.d4 Nf6 2.Nf3 e6 3.c4 b6 4.g3 Ba6 5.Qb3 Nc6 6.Bd2 Bb7 7.d5 exd5 8.cxd5 Ne7
9.d6 cxd6 10.Bg2 Ng6 11.Nc3 d5 12.O-O Be7 13.Nd4 Ne4 14.Rad1 Nc5 15.Qc2 Ne6
16.Nf5 Rc8 17.Qb1 Ba6 18.Nxd5 Bxe2 19.Ndxe7 Nxe7 20.Nd6+ Kf8 21.Nxc8 Bxf1
22.Bxf1 Qxc8 23.Bb4 Nc5 24.Bh3 a5 25.Bxc5 Qxc5 26.Rxd7 g6 27.Qe4 h5 28.a3 h4
29.b4 axb4 30.axb4 Qc1+ 31.Bf1 Nf5 32.Qe5  1-0

[Event "Voronezh op"]
[Site "Voronezh"]
[Date "1998.06.18"]
[Round "7"]
[White "Czerwonski, Aleksander"]
[Black "Abashev, Denis"]
[Result "1-0"]
[WhiteElo "2380"]
[BlackElo "2365"]

1.d4 Nf6 2.c4 e6 3.Nf3 b6 4.g3 Ba6 5.Nbd2 Bb7 6.Bg2 c5 7.e4 cxd4 8.O-O d6
9.Nxd4 Be7 10.e5 Bxg2 11.exf6 Bxf6 12.Nxe6 fxe6 13.Kxg2 O-O 14.Qg4 Kh8 15.Qxe6 Na6
16.Nf3 Rc8 17.Bf4 Bxb2 18.Rad1 Qf6 19.Rfe1 Be5 20.Qxf6 gxf6 21.Bh6 Rfd8 22.Nh4 Rxc4
23.f4 Rdc8 24.fxe5 dxe5 25.Rd7 R4c7 26.Red1 Kg8 27.Nf5 Nc5 28.Re7 a6 29.Bg7  1-0

[Event "Agency"]
[Site "London"]
[Date "1998.06.20"]
[Round "6"]
[White "Bates, Richard"]
[Black "Wells, Peter K"]
[Result "0-1"]
[WhiteElo "2430"]
[BlackElo "2530"]

1.d4 Nf6 2.Nf3 e6 3.c4 b6 4.g3 Ba6 5.b3 Bb4+ 6.Bd2 Be7 7.Bg2 c6 8.Bc3 d5
9.Nbd2 Nbd7 10.O-O O-O 11.a3 Rc8 12.Bb2 Re8 13.Re1 c5 14.cxd5 Nxd5 15.dxc5 Bf6
16.Bxf6 N7xf6 17.Rc1 Rxc5 18.Rxc5 bxc5 19.Qc2 Qa5 20.e4 Nb6 21.e5 Nfd7 22.Ra1 h6
23.Ne4 Nd5 24.Nfd2 Rb8 25.Nc4 Bxc4 26.bxc4 Ne7 27.f4 Nf5 28.Qc3 Qxc3 29.Nxc3 Rb2
30.Bc6 Nb6 31.Ne4 Nd4 32.Bb5 Nxb5 33.cxb5 Rxb5 34.Rd1 c4 35.h4 Rd5 36.Rc1 Rd3
37.Kf2 Rxa3 38.Nd6 Ra4 39.Ke3 Nd5+ 40.Kd4 c3+ 41.Kd3 Ra2  0-1

[Event "Keres mem"]
[Site "Tallinn/ Parnu"]
[Date "1998.06.22"]
[Round "4"]
[White "Morovic Fernandez, Ivan"]
[Black "Adianto, Utut"]
[Result "1/2-1/2"]
[WhiteElo "2600"]
[BlackElo "2615"]

1.d4 Nf6 2.c4 e6 3.Nf3 b6 4.g3 Ba6 5.b3 Bb4+ 6.Bd2 Be7 7.Bg2 c6 8.Bc3 d5
9.Nbd2 Nbd7 10.O-O O-O 11.Qc2 Rc8 12.Qb2 c5 13.Rac1 cxd4 14.Bxd4 dxc4 15.Nxc4 Bxc4
16.bxc4 Bc5 17.e3 Qe7 18.Qb3 Rc7 19.Bb2 Bd6 20.Nd4 Nc5 21.Qc2 Rfc8 22.Rfd1 a6
23.Ba1 h6 24.Qd2 Nce4 25.Qd3 Nc5 26.Qd2  1/2-1/2

[Event "Magistral Algarve"]
[Site "Vila Real de Santo Antonio"]
[Date "1998.06.23"]
[Round "5"]
[White "Damljanovic, Branko"]
[Black "Damaso, Rui"]
[Result "1/2-1/2"]
[WhiteElo "2540"]
[BlackElo "2440"]

1.d4 e6 2.Nf3 Nf6 3.c4 b6 4.g3 Ba6 5.b3 Bb7 6.Bg2 Bb4+ 7.Bd2 a5 8.O-O O-O
9.Qc2 Be4 10.Qb2 Nc6 11.a3 Be7 12.Bc3 a4 13.b4 b5 14.Nbd2 bxc4 15.Nxc4 Na7
16.Rac1 Nb5 17.Rfd1 Ra6 18.Be1 Qa8 19.Ncd2 Bd5 20.Bf1 Rb8 21.Ne5 d6 22.Nd3 Qa7
23.e3 Ba8 24.f3 Nd5 25.Bf2 Bf6 26.Ne4 Be7 27.Nf4 Nxf4 28.exf4 f5 29.Nc3 Nxc3
30.Rxc3 Bd5 31.Rdc1 c6 32.Bc4 Bf6 33.Qe2 Bxd4 34.Bxa6 Bxf2+ 35.Kg2 Bd4 36.R3c2 c5
37.Bc4 Qb7 38.Bxd5 Qxd5 39.Qc4 Qxc4 40.Rxc4 Bb2 41.R1c2 Bxa3 42.bxc5 Bxc5
43.Rxa4 h5 44.Ra1 Kf7 45.Re1 Rb6 46.Rce2 d5 47.Rc1 Bd4 48.Rc7+ Kf6 49.Kh3 Ra6
50.Rd7 Rc6 51.Rd2 Bc3 52.Rc2 Kg6 53.Kg2 Kf6 54.Kf1 Rc4 55.Ke2 Ba1 56.Ra2 Bd4
57.Rd6 Kf7 58.Kd3 Bf6 59.Ra7+ Kg6 60.Rxe6 Rc3+ 61.Ke2 Rc2+ 62.Kf1 Rxh2 63.Ra5 d4
64.Rd6 Rb2 65.Rdd5 Rb1+ 66.Kg2 Rb2+ 67.Kh3 Rf2 68.Rxf5 h4 69.gxh4 Rxf3+ 70.Kg4 Rf1
71.h5+ Kh7 72.Ra7 Rg1+ 73.Kf3 Kh6 74.Ra8 Kh7 75.Ra2 Rh1 76.Kg3 Kh6 77.Ra8 Kh7
78.Rd5 Rg1+ 79.Kf2 Rh1 80.Kg2 Rh4 81.Kg3 Rh1 82.Ra2 Rg1+ 83.Rg2 Rf1 84.Kg4 Rh1
85.Rg3 Rh4+ 86.Kf3 Rh1 87.Kg2 Rh4 88.Rf5 Kh6 89.Rh3 Rxh3 90.Kxh3 d3 91.Rd5 d2
92.Kg4 Bc3 93.Rd6+ Kh7 94.Kg5 Bf6+ 95.Kf5 Bc3 96.Rd8 Ba5 97.Rd7 Bc3 98.Kg5 Bf6+
99.Kg4 Bc3 100.f5 Kh6 101.Rd6+ Kh7 102.h6 gxh6 103.Rd7+ Kg8 104.Kh5 Kf8 105.Kxh6 Ke8
106.Rd3 Kf7 107.Kg5 Bf6+ 108.Kf4 Bc3 109.Ke3 Kf6 110.Ke2 Bb4 111.Rf3 Ba5
112.Kd1 Bb4 113.Kc2 Ba5 114.Ra3 Bc7 115.Rc3 Bf4 116.Rf3 Kxf5 117.Rxf4+ Kxf4
118.Kxd2  1/2-1/2

[Event "Szeged TT06 IM"]
[Site "Szeged"]
[Date "1998.06.26"]
[Round "9"]
[White "Flumbort, Andras"]
[Black "Nagy, Andras"]
[Result "1-0"]
[WhiteElo "2225"]
[BlackElo "2195"]

1.d4 Nf6 2.c4 e6 3.Nf3 b6 4.g3 Ba6 5.b3 Bb7 6.Bg2 Bb4+ 7.Bd2 a5 8.O-O O-O
9.Qc2 d6 10.Bg5 a4 11.Nc3 axb3 12.axb3 Nbd7 13.Nd2 Bxg2 14.Kxg2 Qb8 15.e4 Qb7
16.d5 exd5 17.exd5 h6 18.Bf4 Nc5 19.Nf3 Bxc3 20.Qxc3 b5 21.Nd4 bxc4 22.bxc4 Nce4
23.Qc2 Rxa1 24.Rxa1 Nxd5 25.cxd5 Qxd5 26.f3 Nxg3 27.hxg3 Qxd4 28.Rd1 Qb6
29.Rb1 Qa7 30.Re1 Rb8 31.Re2 Qa6 32.Re7 Rc8 33.g4 c5 34.Bg3 d5 35.Qf5 Qa2+
36.Bf2 Rf8 37.Rd7 c4 38.Qxd5 Qa4 39.Rc7 c3 40.Rxc3 Qa1 41.Rc7 Qb2 42.Rb7 Qe2
43.Ra7 Qc2 44.Ra8 Rc8 45.Qb7  1-0

[Event "SVK-ch"]
[Site "Prievidza"]
[Date "1998.06.27"]
[Round "1.6"]
[White "Nahalka, Jan"]
[Black "Berzinsh, Roland"]
[Result "0-1"]
[WhiteElo "2060"]
[BlackElo "2425"]

1.d4 Nf6 2.c4 e6 3.Nf3 b6 4.g3 Ba6 5.b3 Bb4+ 6.Bd2 Be7 7.Bg2 c6 8.Bc3 d5
9.Nbd2 Nbd7 10.O-O O-O 11.Re1 c5 12.e4 dxc4 13.Nxc4 Bb7 14.e5 Nd5 15.Bb2 Rc8
16.a3 b5 17.Ncd2 c4 18.bxc4 bxc4 19.Ne4 c3 20.Bc1 h6 21.h4 Qa5 22.Bf1 Ba6
23.Bxa6 Qxa6 24.Re2 Rc6 25.Rea2 Qc4 26.Qc2 Rfc8 27.Kg2 a5 28.Rb1 a4 29.Rb7 R6c7
30.Rb1 Qa6 31.Ne1 Rc6 32.Raa1 Qc4 33.Nf3 Nc7 34.Ra2 Nb5  0-1

[Event "RUS-Cup06"]
[Site "Nizhnij Novgorod"]
[Date "1998.07.01"]
[Round "3"]
[White "Sidorova, Elena"]
[Black "Volkov, Sergey"]
[Result "0-1"]
[WhiteElo "2260"]
[BlackElo "2545"]

1.d4 e6 2.c4 Nf6 3.Nf3 b6 4.g3 Ba6 5.Qb3 Bb7 6.Bg2 Qc8 7.Nc3 Nc6 8.Qd1 Bb4
9.O-O O-O 10.Bf4 Bxc3 11.bxc3 Na5 12.c5 Ne4 13.Qd3 d5 14.cxd6 cxd6 15.Ne1 d5
16.f3 Ba6 17.Qe3 Nxc3 18.Rf2 Qc4  0-1

[Event "SVK-ch"]
[Site "Prievidza"]
[Date "1998.07.01"]
[Round "5.29"]
[White "Prielozny, Stanislav"]
[Black "Szamos, Alexander"]
[Result "1/2-1/2"]
[WhiteElo "2133"]
[BlackElo "2170"]

1.d4 Nf6 2.Nf3 e6 3.c4 b6 4.g3 Ba6 5.Nbd2 c5 6.Bg2 Nc6 7.dxc5 bxc5 8.O-O Qc7
9.b3 Be7 10.Bb2 O-O 11.Qc2 d5 12.Rfe1 Rfd8 13.Rad1 Rac8 14.cxd5 exd5 15.Rc1 Qb6
16.Bh3 Nb4 17.Qb1 Rb8 18.Be5 Rb7 19.Ng5 g6 20.Qa1 Bb5 21.a3 Na6 22.Ne6 fxe6
23.Bxf6 Bxf6 24.Qxf6 Re8 25.Qe5 Rf7 26.Nf3 Nb8 27.Qc3 Nd7 28.Ne5 Nxe5 29.Qxe5 c4
30.bxc4 Bxc4  1/2-1/2

[Event "RUS-Cup06"]
[Site "Nizhnij Novgorod"]
[Date "1998.07.04"]
[Round "6"]
[White "Sidorova, Elena"]
[Black "Evseev, Denis"]
[Result "0-1"]
[WhiteElo "2260"]
[BlackElo "2455"]

1.d4 Nf6 2.c4 e6 3.Nf3 b6 4.g3 Ba6 5.Qb3 Bb7 6.Bg2 Qc8 7.O-O c5 8.dxc5 Bxc5
9.Bf4 O-O 10.Nc3 Na6 11.Nb5 d5 12.Ne5 dxc4 13.Bxb7 Qxb7 14.Nxc4 Qe4 15.Nc3 Qf5
16.Kg2 Rad8 17.Rac1 Nb4 18.Ne3 Qh5 19.Nc2 Nc6 20.Qb5 Ne7 21.b4 Ned5 22.Nxd5 Qxd5+
23.f3 Be7 24.Qa4 Qb7 25.e4 Rd3 26.Rfd1 Rxf3 27.b5 Rc3 28.Rd4  0-1

[Event "Politiken Cup"]
[Site "Copenhagen"]
[Date "1998.07.14"]
[Round "10"]
[White "Nilssen, John Arni"]
[Black "Edvardsson, Kristjan"]
[Result "0-1"]
[WhiteElo "2305"]
[BlackElo "2205"]

1.Nf3 Nf6 2.d4 e6 3.c4 b6 4.g3 Ba6 5.b3 Bb4+ 6.Bd2 Be7 7.Bg2 c6 8.O-O O-O
9.Bc3 Ne4 10.Bb2 d5 11.Qc2 Nd7 12.Nbd2 Nxd2 13.Nxd2 b5 14.e4 bxc4 15.bxc4 Nb6
16.Rfc1 Nxc4 17.Bf1 Nxd2 18.Bxa6 Qb6 19.Qxd2 Qxa6 20.a4 dxe4 21.Qc2 Rab8
22.Ba3 Bxa3 23.Rxa3 Rb4 24.Qxc6 Qe2 25.Re3 Qd2 26.Rxe4 Rxa4 27.Qxa4 Qxc1+
28.Kg2 Qc7 29.Re5 Qb7+ 30.Kg1 h6 31.Re1 Ra8 32.Re5 Rb8 33.Qa5 Qf3 34.Re1 Rb2
35.Rf1 Qb7 36.h4 Qb6 37.Qa4 Rb5 38.Kh2 a5 39.Ra1 g6 40.Ra3 Rf5 41.Ra2 Kg7
42.Qd1 Qb4 43.Kg1 Qc3 44.Ra4 Rd5 45.Qa1 Qxa1+ 46.Rxa1 Kf6 47.Kg2 Ke7 48.Kf3 Kd6
49.Ke4 Kc6 50.f4 Rb5 51.Ra2 h5 52.Ra1 Kd6 53.Ra3 f6 54.Kd3 Kd5 55.Kc3 Ke4
56.Ra4 Kf3 57.Ra3 Rd5  0-1

[Event "Politiken Cup"]
[Site "Copenhagen"]
[Date "1998.07.15"]
[Round "11"]
[White "Matthiesen, Martin"]
[Black "Lindberg, Bengt"]
[Result "1/2-1/2"]
[WhiteElo "2265"]
[BlackElo "2305"]

1.d4 Nf6 2.c4 e6 3.Nf3 b6 4.g3 Ba6 5.b3 Bb7 6.Bg2 Bb4+ 7.Bd2 c5 8.O-O O-O
9.Bxb4 cxb4 10.Nbd2 d6 11.Qc2 Re8 12.Rad1 Qc7 13.Rfe1 e5 14.dxe5 dxe5 15.Ng5 Bxg2
16.Kxg2 Nbd7 17.Nde4 h6 18.Nxf6+ Nxf6 19.Ne4 Qc6 20.f3 Rad8 21.Nxf6+ Qxf6
22.Rd5 e4 23.fxe4 Re6 24.Qd2 Rde8 25.Qxb4 Rxe4 26.Qd2 Qe7 27.Kf2 g6 28.e3 h5
29.Rd7 Qe6 30.Qd5 Qf6+ 31.Kg2 R4e5 32.Qd4 Qc6+ 33.Kg1 h4 34.Rd8 hxg3 35.hxg3 Rxd8
36.Qxd8+ Re8 37.Qd4 Re4 38.Qc3 Qd6 39.Kf2 Qe6 40.Rh1 Re5 41.Rh4 g5 42.Rd4 Qf6+
43.Kg2 Rf5 44.Qd2 Rf1 45.Qe2 Ra1 46.Rd1 Rxd1 47.Qxd1 Qb2+ 48.Kf3 Qxa2 49.Kg4 Qb2
50.Kxg5 Qe5+ 51.Kh4  1/2-1/2

[Event "RUS-ch51"]
[Site "St Petersburg"]
[Date "1998.07.28"]
[Round "1"]
[White "Shipov, Sergei"]
[Black "Solozhenkin, Evgeniy"]
[Result "1/2-1/2"]
[WhiteElo "2635"]
[BlackElo "2535"]

1.d4 Nf6 2.c4 e6 3.Nf3 b6 4.g3 Ba6 5.b3 Bb4+ 6.Bd2 Be7 7.Bg2 c6 8.Bc3 d5
9.Ne5 Nfd7 10.Nxd7 Nxd7 11.Nd2 O-O 12.O-O Nf6 13.e4 b5 14.Re1 dxe4 15.Nxe4  1/2-1/2

[Event "RUS-ch51"]
[Site "St Petersburg"]
[Date "1998.07.29"]
[Round "2"]
[White "Burmakin, Vladimir"]
[Black "Epishin, Vladimir"]
[Result "1/2-1/2"]
[WhiteElo "2560"]
[BlackElo "2585"]

1.d4 Nf6 2.c4 e6 3.Nf3 b6 4.g3 Ba6 5.b3 Bb4+ 6.Bd2 Be7 7.Bg2 c6 8.O-O d5
9.Bc3 O-O 10.Ne5 Bb7 11.Nd2 Nbd7 12.e4 a5 13.Nd3 dxe4 14.Nxe4 Qc7 15.Re1 c5
16.dxc5 Bxe4 17.Bxe4 Nxe4 18.Rxe4 bxc5 19.Ne5 Nxe5 20.Bxe5 Qc6 21.Re3 a4
22.Bc3 Rfb8 23.Qg4 Bf8 24.Rd1 axb3 25.axb3 Rd8 26.Red3 Rxd3 27.Rxd3 Re8 28.Qd1 e5
29.Rd8 Rxd8 30.Qxd8 Qd6 31.Qa8 f6 32.Kg2  1/2-1/2

[Event "RUS-ch51"]
[Site "St Petersburg"]
[Date "1998.08.01"]
[Round "5"]
[White "Epishin, Vladimir"]
[Black "Razuvaev, Yuri S"]
[Result "1/2-1/2"]
[WhiteElo "2585"]
[BlackElo "2560"]

1.d4 Nf6 2.c4 e6 3.Nf3 b6 4.g3 Ba6 5.Qb3 Nc6 6.Bd2 Bb7 7.Bc3 Ne4 8.a3 Nxc3
9.Qxc3 Be7 10.Qd3 d5 11.cxd5 Qxd5 12.Nc3 Qh5 13.Bg2 O-O 14.O-O Rfd8 15.Rad1 Bf6
16.Qe3 Ne7 17.Ne4 Bxe4 18.Qxe4 Qb5 19.Rd2 c5 20.dxc5 bxc5 21.Rc2 Rab8 22.e3 Qd3
23.Qxd3 Rxd3 24.Rxc5 Rxb2 25.a4 Ra3 26.Ra5 Rb4 27.Rxa7 Rbxa4 28.Rxa4 Rxa4  1/2-1/2

[Event "Recklinghauser Schachtage"]
[Site "Recklinghausen"]
[Date "1998.08.02"]
[Round "9"]
[White "Nenashev, Alexander"]
[Black "Kachiani Gersinska, Ketino"]
[Result "1/2-1/2"]
[WhiteElo "2625"]
[BlackElo "2435"]

1.d4 Nf6 2.c4 e6 3.Nf3 b6 4.g3 Ba6 5.Qa4 c5 6.Bg2 Bb7 7.O-O cxd4 8.Nxd4 Bxg2
9.Kxg2 Qc7 10.f3 a6 11.Rd1 Qb7 12.Nc3 Be7 13.Qb3 Nc6 14.Nxc6 Qxc6 15.Be3 Bc5
16.Bg5 Ng4 17.Ne4 h6 18.Bf4 g5 19.Bd2 f5 20.Nxc5 bxc5 21.Bc3 Ne3+ 22.Kg1 O-O
23.Bg7 Nxd1 24.Bxf8 Rxf8 25.Rxd1 d6 26.Qd3 Rd8 27.e4 Qd7 28.b3 Qf7 29.Qe2 Qf6
30.Kg2 Qe5 31.Qe1 fxe4 32.Qxe4 Qxe4 33.fxe4 Kf7 34.e5 Ke7 35.Rd3 a5 36.Kf2 Rf8+
37.Rf3 Rxf3+ 38.Kxf3 d5 39.a4 d4 40.g4  1/2-1/2

[Event "Stockholm2"]
[Site "Stockholm"]
[Date "1998.08.02"]
[Round "2"]
[White "Sjoberg, Mats"]
[Black "Rytshagov, Mikhail"]
[Result "0-1"]
[WhiteElo "2385"]
[BlackElo "2565"]

1.d4 Nf6 2.c4 e6 3.Nf3 b6 4.g3 Ba6 5.b3 Bb4+ 6.Bd2 Be7 7.Bg2 c6 8.Bc3 d5
9.Nbd2 Nbd7 10.O-O O-O 11.Re1 c5 12.e4 dxc4 13.bxc4 cxd4 14.Nxd4 Ne5 15.N2f3 Nfd7
16.Nxe5 Nxe5 17.Nxe6 fxe6 18.Bxe5 Bc5 19.Qg4 Qe7 20.Bf4 e5 21.Be3 Bxc4 22.Bf1 Be6
23.Bxc5 bxc5 24.Qe2 Rad8 25.Rac1 Rd4 26.Rc3 Qd6 27.Rec1 c4 28.Qe3 Qc6 29.Bg2 Rfd8
30.h3 h6 31.Kh2 Qb6 32.R1c2 Qb1 33.Qc1 Qb7 34.Qe3 Qf7 35.f4 exf4 36.gxf4 Qc7
37.Qg3 Qb6 38.f5 Rd3 39.Qf4 Bf7 40.Qc1 Qc7+  0-1

[Event "RUS-ch51"]
[Site "St Petersburg"]
[Date "1998.08.05"]
[Round "9"]
[White "Tregubov, Pavel V"]
[Black "Sokolov, Andrei"]
[Result "1-0"]
[WhiteElo "2535"]
[BlackElo "2565"]

1.d4 Nf6 2.c4 e6 3.Nf3 b6 4.g3 Ba6 5.Nbd2 Bb7 6.Bg2 Be7 7.O-O O-O 8.b3 c5
9.Bb2 cxd4 10.Nxd4 Bxg2 11.Kxg2 Qc7 12.e4 d6 13.f4 Nc6 14.Nxc6 Qxc6 15.Qf3 Rfd8
16.Rad1 Rac8 17.e5 Ng4 18.Ne4 d5 19.cxd5 Rxd5 20.Rc1 Bc5 21.Rfe1 h5 22.h3 Rcd8
23.Re2 Qa8 24.Nxc5 Rd2 25.Ne4 R2d3 26.Nf6+  1-0

[Event "RUS-ch51"]
[Site "St Petersburg"]
[Date "1998.08.05"]
[Round "9"]
[White "Landa, Konstantin"]
[Black "Lugovoi, Aleksei"]
[Result "1/2-1/2"]
[WhiteElo "2520"]
[BlackElo "2525"]

1.d4 Nf6 2.Nf3 e6 3.c4 b6 4.g3 Ba6 5.b3 Bb4+ 6.Bd2 Be7 7.Bg2 Bb7 8.O-O O-O
9.Nc3 d5 10.Qc2 Na6 11.Ne5 c5 12.dxc5 bxc5 13.Bf4 Qc8 14.cxd5 exd5 15.Na4 Qe6
16.Nd3 Rac8 17.Bg5 Ba8 18.Nf4 Qe5 19.Bxf6 Bxf6 20.Rad1 Rfd8 21.a3 c4 22.b4 Nc7
23.e4 dxe4 24.Rxd8+ Rxd8 25.Qxc4 g5 26.Ne2 Bd5 27.Qc1 Nb5 28.Re1 Be7 29.g4 e3
30.Ng3 exf2+ 31.Kxf2 Qf6+ 32.Kg1 Be6 33.Qe3 Qd4 34.Nc5 Qxe3+ 35.Rxe3 Rd1+
36.Kf2 Rd2+ 37.Kg1 Rd1+ 38.Kf2 Rd2+ 39.Kg1 Bxc5 40.bxc5 Rc2 41.Re5 Rc1+ 42.Kf2 Rc2+
43.Kg1 Rc1+  1/2-1/2

[Event "MK Cafe Cup-A"]
[Site "Koszalin"]
[Date "1998.08.06"]
[Round "4"]
[White "Bobrowska, Monika"]
[Black "Pieniazek, Artur"]
[Result "1-0"]
[WhiteElo "2320"]
[BlackElo "2405"]

1.d4 Nf6 2.Nf3 e6 3.c4 b6 4.g3 Ba6 5.Qb3 c5 6.d5 exd5 7.cxd5 d6 8.Nc3 Be7
9.Bg2 O-O 10.O-O Nbd7 11.a4 Re8 12.Re1 Bf8 13.Qc2 Ng4 14.Nb5 Nde5 15.Ng5 Nf6
16.f4 Neg4 17.e4 Nxd5 18.e5 Ndf6 19.Bxa8 Bxb5 20.Bd5 dxe5 21.Bxf7+ Kh8 22.axb5 Qd4+
23.Kg2 Re7 24.Nf3 Qd7 25.fxe5 Qb7 26.Bf4 Nxh2 27.Kxh2 Qxf3 28.exf6  1-0